[Event "Vitoria Gasteiz op 1st"]
[Site "Vitoria Gasteiz"]
[Date "2025.07.03"]
[Round "6"]
[White "Campos Moreno, Javier B"]
[Black "Priyanka, Nutakki"]
[Result "1-0"]
[WhiteElo "2392"]
[BlackElo "2260"]
[PlyCount "83"]
[EventDate "2025.06.30"]
[EventType "swiss"]
[EventRounds "9"]
[EventCountry "ESP"]
[SourceTitle "CB28_2025"]
[SourceDate "2025.07.09"]
[SourceVersion "1"]
[SourceVersionDate "2025.07.09"]
[SourceQuality "1"]

1. d4 d5 2. c4 e6 3. Nc3 a6 4. cxd5 exd5 5. Bf4 Nf6 6. e3 Bd6 7. Bg5 Be6 8. Bd3 Nbd7 9. Nge2 h6 10. Bh4 c6 11. Qc2 Qc7 12. h3 g5 13. Bg3 Bxg3 14. Nxg3 h5 15. h4 gxh4 16. Rxh4 0-0-0 17. 0-0-0 Rhg8 18. Bf5 Rg5 19. Rf4 Rdg8 20. Rh1 Kb8 21. Kb1 Qd6 22. a3 Rc8 23. Na4 Rcg8 24. Rhh4 Qe7 25. Ka1 Ne8 26. Nc5 Ng7 27. Bxe6 Nxe6 28. Nf5 Rxf5 29. Nxd7+ Kc7 30. Qxf5 Nxf4 31. Rxf4 Qxd7 32. Qxh5 Rf8 33. g4 Kb6 34. Qf5 Qe8 35. Qh7 a5 36. Rf6 Rh8 37. Qf5 Rh1+ 38. Ka2 Ka7 39. Rxf7 Qd8 40. Qc2 Qg8 41. Qc5+ Ka6 42. Rf8 1-0

[Event "Catalunya-chT Gp1 Relegation 2"]
[Site "Barcelona"]
[Date "2025.03.01"]
[Round "2.2"]
[White "Zhukov, Dmitry"]
[Black "Campos Moreno, Javier B"]
[Result "1/2-1/2"]
[WhiteElo "2338"]
[BlackElo "2390"]
[PlyCount "31"]
[EventDate "2025.02.22"]
[EventType "team-k.o."]
[EventRounds "4"]
[EventCountry "ESP"]
[SourceTitle "CB14_2025"]
[SourceDate "2024.11.01"]
[SourceVersion "1"]
[SourceVersionDate "2024.11.01"]
[SourceQuality "1"]
[WhiteTeam "Tres Peons"]
[BlackTeam "Figueres"]
[WhiteTeamCountry "ESP"]
[BlackTeamCountry "ESP"]

1. e4 c5 2. Nf3 Nc6 3. d4 cxd4 4. Nxd4 Nf6 5. Nc3 d6 6. f3 e5 7. Nb3 Be6 8. Be3 Be7 9. Qd2 d5 10. exd5 Nxd5 11. Nxd5 Qxd5 12. Qxd5 Bxd5 13. 0-0-0 0-0-0 14. Bb5 Kc7 15. a3 f5 16. Rhe1 1/2-1/2

[Event "Catalunya-chT Gp1"]
[Site "Barcelona"]
[Date "2025.02.15"]
[Round "5.2"]
[White "Campos Moreno, Javier B"]
[Black "Povill Claros, Xavier"]
[Result "1/2-1/2"]
[WhiteElo "2393"]
[BlackElo "2217"]
[PlyCount "147"]
[EventDate "2025.01.18"]
[EventType "team-tourn"]
[EventRounds "5"]
[EventCountry "ESP"]
[SourceTitle "CB10_2025"]
[SourceDate "2025.03.05"]
[SourceVersion "1"]
[SourceVersionDate "2025.03.05"]
[SourceQuality "1"]
[WhiteTeam "Figueres"]
[BlackTeam "Peona I Peo"]
[WhiteTeamCountry "ESP"]
[BlackTeamCountry "ESP"]

1. Nf3 d5 2. g3 Bg4 3. Bg2 Nd7 4. h3 Bxf3 5. Bxf3 Ngf6 6. d3 e5 7. e4 dxe4 8. dxe4 Bc5 9. Qe2 0-0 10. 0-0 Qe7 11. Nd2 Rfd8 12. Nc4 c6 13. Bd2 Nb6 14. Nxb6 Bxb6 15. Rfd1 Bd4 16. c3 Bb6 17. Kg2 Rd6 18. Be1 Rad8 19. Rxd6 Qxd6 20. Qc4 Qc5 21. Qxc5 Bxc5 22. Kf1 Kf8 23. Ke2 Ke7 24. Rd1 Rg8 25. Bd2 g5 26. Rh1 Bb6 27. Bg2 Ne8 28. h4 g4 29. h5 Nc7 30. Rh4 Ne6 31. Bc1 Ke8 32. Rh1 Bd8 33. Be3 Bb6 34. Bxb6 axb6 35. Ke3 h6 36. Bf1 Nc5 37. b4 Nd7 38. Be2 Nf6 39. Rh4 Rg5 40. a4 Ke7 41. a5 bxa5 42. bxa5 Kd6 43. Rh1 Rxh5 44. Rxh5 Nxh5 45. Bxg4 Nf6 46. Bc8 Kc7 47. a6 bxa6 48. Bxa6 Kd6 49. Bc4 Ke7 50. Kf3 Ne8 51. Kg4 Nd6 52. Bd3 c5 53. c4 Kf6 54. f4 Nc8 55. Kh5 Kg7 56. fxe5 Ne7 57. Kg4 Nc6 58. Kf4 Kg6 59. Bf1 Nd4 60. Ke3 Nc6 61. Kf4 Nd4 62. Bh3 Ne2+ 63. Ke3 Nxg3 64. e6 fxe6 65. Bxe6 Kf6 66. Bg4 Ke5 67. Bf3 h5 68. Bg2 h4 69. Kf3 Nxe4 70. Kg4 Nd6 71. Kxh4 Nf5+ 72. Kh3 Ne3 73. Bb7 Nxc4 74. Kg3 1/2-1/2

[Event "Catalunya-chT Gp1"]
[Site "Barcelona"]
[Date "2025.02.08"]
[Round "4.2"]
[White "Sosa, Tomas"]
[Black "Campos Moreno, Javier B"]
[Result "1/2-1/2"]
[WhiteElo "2520"]
[BlackElo "2393"]
[PlyCount "59"]
[EventDate "2025.01.18"]
[EventType "team-tourn"]
[EventRounds "5"]
[EventCountry "ESP"]
[SourceTitle "CB10_2025"]
[SourceDate "2025.03.05"]
[SourceVersion "1"]
[SourceVersionDate "2025.03.05"]
[SourceQuality "1"]
[WhiteTeam "Mollet"]
[BlackTeam "Figueres"]
[WhiteTeamCountry "ESP"]
[BlackTeamCountry "ESP"]

1. e4 c5 2. Nf3 Nc6 3. Bb5 Nf6 4. Nc3 Qc7 5. 0-0 Nd4 6. Re1 e5 7. d3 Nxb5 8. Nxb5 Qc6 9. a4 d6 10. c3 Bg4 11. d4 a6 12. Na3 Bxf3 13. Qxf3 Qxa4 14. dxe5 dxe5 15. Qf5 Nd7 16. Bg5 h6 17. Bh4 Be7 18. Bxe7 Kxe7 19. Rad1 g6 20. Qh3 Nb6 21. Qg3 Ke6 22. Qg4+ Ke7 23. Qh4+ g5 24. Qg3 f6 25. Qe3 Rac8 26. h4 Rhd8 27. Rxd8 Kxd8 28. Qf3 Rc6 29. Qh5 Rd6 30. Qxh6 1/2-1/2

[Event "Colonia de Sant Jordi GM 3rd"]
[Site "Colonia de Sant Jordi"]
[Date "2024.10.24"]
[Round "7"]
[White "Gretarsson, Helgi Ass"]
[Black "Campos Moreno, Javier B"]
[Result "1/2-1/2"]
[WhiteElo "2452"]
[BlackElo "2397"]
[PlyCount "47"]
[EventDate "2024.10.18"]
[EventType "tourn"]
[EventRounds "9"]
[EventCountry "ESP"]
[EventCategory "7"]
[SourceTitle "CB44_2024"]
[Source "Chessbase"]
[SourceDate "2024.10.30"]
[SourceVersion "1"]
[SourceVersionDate "2024.10.30"]
[SourceQuality "1"]

1. c4 e6 2. Nf3 d5 3. d4 Nf6 4. Nc3 Nbd7 5. cxd5 exd5 6. Bg5 Bb4 7. Qc2 h6 8. Bh4 c5 9. e3 Qa5 10. Bd3 0-0 11. 0-0 c4 12. Bf5 Re8 13. Nd2 Qa6 14. Rfe1 Nf8 15. f3 Qc6 16. Kh1 b5 17. Bxc8 Raxc8 18. e4 Ng6 19. Bxf6 Bxc3 20. bxc3 Qxf6 21. e5 Qe6 22. g3 a5 23. Nf1 Ne7 24. Ne3 1/2-1/2

[Event "Catalunya-chT Gp1 Final"]
[Site "Barcelona"]
[Date "2024.03.09"]
[Round "1.1"]
[White "Campos Moreno, Javier B"]
[Black "Cuartas Medina, Jorge Humberto"]
[Result "0-1"]
[WhiteElo "2403"]
[BlackElo "2284"]
[PlyCount "74"]
[EventDate "2024.03.09"]
[EventType "team-k.o."]
[EventRounds "3"]
[EventCountry "ESP"]
[SourceTitle "CBM 220 Extra"]
[Source "ChessBase"]
[SourceDate "2024.07.31"]
[SourceVersion "1"]
[SourceVersionDate "2024.07.31"]
[SourceQuality "1"]
[WhiteTeam "Figueres"]
[BlackTeam "Barbera"]
[WhiteTeamCountry "ESP"]
[BlackTeamCountry "ESP"]

1. d4 Nf6 2. c4 e6 3. Nc3 Bb4 4. Nf3 d6 5. Qb3 a5 6. Bg5 Nbd7 7. e3 h6 8. Bh4 Qe7 9. Nd2 Bxc3 10. Qxc3 e5 11. 0-0-0 b6 12. f4 Bb7 13. Bd3 e4 14. Bc2 0-0-0 15. Rhf1 d5 16. f5 Qb4 17. Bb3 Qxc3+ 18. bxc3 Ba6 19. Rfe1 dxc4 20. Bxc4 Bxc4 21. Nxc4 Rhe8 22. Bxf6 Nxf6 23. Nd2 Nd5 24. Kb2 Ne7 25. Rf1 f6 26. Nc4 Nd5 27. Rde1 Kd7 28. a4 c6 29. Na3 b5 30. axb5 cxb5 31. Nxb5 Rb8 32. c4 Rec8 33. cxd5 Rxb5+ 34. Ka3 Rc3+ 35. Ka4 Rb4+ 36. Kxa5 Rb2 37. Ka4 Rc8 0-1

[Event "Catalunya-chT Gp1"]
[Site "Barcelona"]
[Date "2024.02.24"]
[Round "6.1"]
[White "Almeida Quintana, Omar"]
[Black "Campos Moreno, Javier B"]
[Result "1-0"]
[WhiteElo "2506"]
[BlackElo "2409"]
[PlyCount "78"]
[EventDate "2024.01.20"]
[EventType "team-tourn"]
[EventRounds "7"]
[EventCountry "ESP"]
[SourceTitle "CBM 219 Extra"]
[Source "ChessBase"]
[SourceDate "2024.05.31"]
[SourceVersion "1"]
[SourceVersionDate "2024.05.31"]
[SourceQuality "1"]
[WhiteTeam "Colon Sabadell"]
[BlackTeam "Figueres"]
[WhiteTeamCountry "ESP"]
[BlackTeamCountry "ESP"]

1. Nf3 d5 2. c4 e6 3. g3 Nf6 4. Bg2 dxc4 5. Qa4+ Nbd7 6. Qxc4 c5 7. 0-0 b6 8. d4 Bb7 9. Rd1 Rc8 10. Nc3 a6 11. a4 Be7 12. Bg5 0-0 13. Bxf6 Nxf6 14. dxc5 Qc7 15. b4 bxc5 16. b5 Bd5 17. Qf4 Qa5 18. Qd2 Bxf3 19. Bxf3 Kh8 20. Qc2 Rcd8 21. e3 c4 22. Rab1 Nd7 23. Bb7 axb5 24. Rxb5 Qa7 25. a5 Nc5 26. a6 Bf6 27. Rxd8 Rxd8 28. Ne4 Nxe4 29. Qxe4 c3 30. Qc4 g6 31. Qc7 Kg7 32. Rc5 Rd1+ 33. Kg2 Ra1 34. Rxc3 Rxa6 35. Bxa6 Qxa6 36. Rb3 e5 37. Rb7 Qe6 38. e4 h5 39. Qd7 Kg8 1-0

[Event "Catalunya-chT Gp1"]
[Site "Barcelona"]
[Date "2024.02.10"]
[Round "4.2"]
[White "Ubach Miralda, Marcelo"]
[Black "Campos Moreno, Javier B"]
[Result "1/2-1/2"]
[WhiteElo "2230"]
[BlackElo "2409"]
[PlyCount "52"]
[EventDate "2024.01.20"]
[EventType "team-tourn"]
[EventRounds "7"]
[EventCountry "ESP"]
[SourceTitle "CBM 219 Extra"]
[Source "ChessBase"]
[SourceDate "2024.05.31"]
[SourceVersion "1"]
[SourceVersionDate "2024.05.31"]
[SourceQuality "1"]
[WhiteTeam "Terrassa"]
[BlackTeam "Figueres"]
[WhiteTeamCountry "ESP"]
[BlackTeamCountry "ESP"]

1. c4 e6 2. g3 d5 3. Bg2 Nf6 4. Nf3 Be7 5. 0-0 0-0 6. b3 b6 7. Bb2 Bb7 8. cxd5 exd5 9. d4 Nbd7 10. Nc3 Re8 11. Rc1 a6 12. Ne5 Bd6 13. f4 c5 14. e3 Qe7 15. g4 Rad8 16. g5 Ne4 17. Nxe4 dxe4 18. Qh5 cxd4 19. Nxd7 Rxd7 20. Bxd4 Bc5 21. Bxc5 bxc5 22. f5 Rd5 23. Rf4 g6 24. Qh6 Rxf5 25. Rxf5 gxf5 26. Bh3 Bc8 1/2-1/2

[Event "Colonia de Sant Jordi 2nd"]
[Site "Colonia de Sant Jordi"]
[Date "2023.06.17"]
[Round "9"]
[White "Campos Moreno, Javier B"]
[Black "Savitha Shri, B."]
[Result "1-0"]
[WhiteElo "2408"]
[BlackElo "2418"]
[PlyCount "93"]
[EventDate "2023.06.09"]
[EventType "tourn"]
[EventRounds "9"]
[EventCountry "ESP"]
[EventCategory "7"]
[SourceTitle "CBM 214 Extra"]
[Source "ChessBase"]
[SourceDate "2023.07.31"]
[SourceVersion "1"]
[SourceVersionDate "2023.07.31"]
[SourceQuality "1"]

1. d4 Nf6 2. c4 e6 3. Nc3 d5 4. Bg5 Be7 5. e3 h6 6. Bh4 0-0 7. Nf3 b6 8. Bd3 Bb7 9. 0-0 Nbd7 10. Qe2 c5 11. Bg3 cxd4 12. exd4 dxc4 13. Bxc4 Nh5 14. Rad1 Nxg3 15. hxg3 Nf6 16. Ne5 Nd5 17. f4 Bb4 18. Ne4 f5 19. Nf2 Bd6 20. Nfd3 Qe8 21. Rfe1 Rc8 22. Bb3 Bb8 23. Nf3 Rf6 24. Nde5 Bd6 25. a3 b5 26. Nd3 Kh8 27. Qf2 Nb6 28. Nc5 Bxf3 29. gxf3 Bxc5 30. dxc5 Nd7 31. Rc1 Qe7 32. c6 Nb8 33. Qc5 Qxc5+ 34. Rxc5 Rxc6 35. Rxb5 Na6 36. Rb7 Nc5 37. Rc1 Rb6 38. Rxb6 axb6 39. Bc4 Nb7 40. Rd1 g5 41. b4 gxf4 42. Rd7 fxg3 43. Rxb7 e5 44. a4 Rc6 45. Bf1 e4 46. fxe4 f4 47. Rf7 1-0

[Event "Colonia de Sant Jordi 2nd"]
[Site "Colonia de Sant Jordi"]
[Date "2023.06.12"]
[Round "4"]
[White "Campos Moreno, Javier B"]
[Black "Matnadze, Ana"]
[Result "1-0"]
[WhiteElo "2408"]
[BlackElo "2394"]
[PlyCount "125"]
[EventDate "2023.06.09"]
[EventType "tourn"]
[EventRounds "9"]
[EventCountry "ESP"]
[EventCategory "7"]
[SourceTitle "CBM 214 Extra"]
[Source "ChessBase"]
[SourceDate "2023.07.31"]
[SourceVersion "1"]
[SourceVersionDate "2023.07.31"]
[SourceQuality "1"]

1. d4 Nf6 2. c4 e6 3. Nc3 d5 4. Bg5 Be7 5. e3 0-0 6. Nf3 b6 7. Bd3 Bb7 8. 0-0 Nbd7 9. Qe2 Ne4 10. Bf4 a6 11. Rfd1 Bd6 12. Bxd6 cxd6 13. cxd5 Nxc3 14. bxc3 exd5 15. a4 g6 16. Rdb1 Re8 17. Rb4 Qc7 18. Rc1 Kg7 19. c4 Rec8 20. Rbb1 dxc4 21. Rxc4 Qd8 22. Nd2 Qg5 23. Qf1 Rcb8 24. Rc7 Qd8 25. Rcc1 Nf6 26. e4 Nh5 27. d5 Bc8 28. g3 Bd7 29. Bxa6 Bxa4 30. Bb5 Nf6 31. Qd3 Kg8 32. Bc6 Ra7 33. Qd4 Bxc6 34. dxc6 Ne8 35. Nc4 Ra4 36. Qd3 Ra2 37. Ne3 Qf6 38. Rc2 Rxc2 39. Qxc2 Qd4 40. Nd5 Kf8 41. Rd1 Qe5 42. c7 Rc8 43. Nxb6 Rxc7 44. Qxc7 Nxc7 45. Nd7+ Ke7 46. Nxe5 dxe5 47. f3 Ne8 48. Kf2 Nd6 49. Rc1 Kd7 50. Ke3 h5 51. Kd3 Kd8 52. Rc5 f6 53. f4 exf4 54. gxf4 Kd7 55. Kd4 Ne8 56. f5 g5 57. e5 g4 58. Ra5 Ke7 59. Ra7+ Kf8 60. Rh7 Kg8 61. Rh6 Ng7 62. Rxf6 h4 63. Ke4 1-0

[Event "Catalunya-chT Gp1 Final"]
[Site "Barcelona"]
[Date "2023.03.18"]
[Round "1.1"]
[White "Campos Moreno, Javier B"]
[Black "Dvirnyy, Danyyil"]
[Result "0-1"]
[WhiteElo "2416"]
[BlackElo "2531"]
[PlyCount "80"]
[EventDate "2023.03.18"]
[EventType "team-k.o."]
[EventRounds "3"]
[EventCountry "ESP"]
[SourceTitle "EXT 2024"]
[Source "ChessBase"]
[SourceDate "2023.10.10"]
[SourceVersion "1"]
[SourceVersionDate "2023.10.10"]
[SourceQuality "1"]
[WhiteTeam "Figueres"]
[BlackTeam "Barbera"]
[WhiteTeamCountry "ESP"]
[BlackTeamCountry "ESP"]

1. d4 d5 2. c4 e6 3. Nf3 Nf6 4. Nc3 c6 5. e3 Nbd7 6. Be2 Bd6 7. 0-0 0-0 8. Qc2 Re8 9. b3 b6 10. Bb2 Bb7 11. e4 Nxe4 12. Nxe4 dxe4 13. Qxe4 Nf6 14. Qh4 c5 15. dxc5 Bxc5 16. Rad1 Qe7 17. Bxf6 Qxf6 18. Qxf6 gxf6 19. Nd2 Rad8 20. Bf3 Bb4 21. Bxb7 Bxd2 22. Bc6 Rf8 23. g3 Rd4 24. Rfe1 Rfd8 25. Re2 f5 26. Kg2 Kg7 27. f4 Bb4 28. Rxd4 Rxd4 29. Bf3 Kf6 30. Rc2 a5 31. Kf2 Ke7 32. Ke3 Rd8 33. Ke2 f6 34. h3 h6 35. Kf2 Rd4 36. Ke3 e5 37. fxe5 fxe5 38. Ke2 e4 39. Bg2 Rd3 40. g4 f4 0-1

[Event "Catalunya-chT Gp2"]
[Site "Barcelona"]
[Date "2023.03.04"]
[Round "7.2"]
[White "Campos Moreno, Javier B"]
[Black "Diaz Camallonga, Carles"]
[Result "0-1"]
[WhiteElo "2421"]
[BlackElo "2467"]
[PlyCount "122"]
[EventDate "2023.01.21"]
[EventType "team-tourn"]
[EventRounds "7"]
[EventCountry "ESP"]
[SourceTitle "CBM 213 Extra"]
[Source "ChessBase"]
[SourceDate "2023.05.31"]
[SourceVersion "1"]
[SourceVersionDate "2023.05.31"]
[SourceQuality "1"]
[WhiteTeam "Figueres"]
[BlackTeam "Colon Sabadell"]
[WhiteTeamCountry "ESP"]
[BlackTeamCountry "ESP"]

1. d4 d5 2. c4 e6 3. Nf3 Nf6 4. Nc3 dxc4 5. e4 b5 6. e5 Nd5 7. Nxb5 Nb6 8. Be2 Nc6 9. Be3 Be7 10. a3 0-0 11. Qc2 Bb7 12. h4 h6 13. Ng5 Bxg5 14. hxg5 a6 15. gxh6 g6 16. h7+ Kh8 17. Nc3 Nxd4 18. Qd2 Nf5 19. Qxd8 Rfxd8 20. Bg5 Rd4 21. Rh2 Nd7 22. g4 Ng7 23. Be3 c5 24. f4 g5 25. Rd1 Rxd1+ 26. Bxd1 gxf4 27. Bxf4 Nb6 28. Bc2 Bc6 29. Rd2 Ne8 30. Ne4 Nd5 31. Bh6 Kxh7 32. g5 Ne3 33. Nf6+ Kh8 34. Rh2 Nxc2+ 35. Rxc2 Bd5 36. Rf2 Nxf6 37. g6 Ng4 38. gxf7 Nxh6 39. f8Q+ Rxf8 40. Rxf8+ Kg7 41. Rc8 Ng4 42. Rxc5 Nxe5 43. Ra5 Nd3+ 44. Kd2 Nxb2 45. Rxa6 Kf6 46. a4 Ke5 47. Kc3 Nd3 48. Ra7 Kd6 49. Rh7 Kc5 50. Rh8 Kb6 51. Rh7 Ne5 52. Rg7 Nc6 53. Rg8 Kc5 54. Rg7 Nd4 55. Rh7 Ne2+ 56. Kd2 Ng3 57. Rg7 Ne4+ 58. Kc2 Kb4 59. Ra7 Nc5 60. a5 Be4+ 61. Kd1 c3 0-1

[Event "Catalunya-chT Gp2"]
[Site "Barcelona"]
[Date "2023.02.18"]
[Round "5.1"]
[White "Gines Esteo, Pedro Antonio"]
[Black "Campos Moreno, Javier B"]
[Result "1/2-1/2"]
[WhiteElo "2505"]
[BlackElo "2421"]
[PlyCount "116"]
[EventDate "2023.01.21"]
[EventType "team-tourn"]
[EventRounds "7"]
[EventCountry "ESP"]
[SourceTitle "CBM 213 Extra"]
[Source "ChessBase"]
[SourceDate "2023.05.31"]
[SourceVersion "1"]
[SourceVersionDate "2023.05.31"]
[SourceQuality "1"]
[WhiteTeam "Barcelona Escacs CC"]
[BlackTeam "Figueres"]
[WhiteTeamCountry "ESP"]
[BlackTeamCountry "ESP"]

1. c4 e6 2. Nc3 d5 3. d4 Bb4 4. cxd5 exd5 5. Bf4 Nf6 6. e3 0-0 7. Bd3 Re8 8. Nf3 c5 9. dxc5 Nbd7 10. Rc1 Nxc5 11. 0-0 Bg4 12. Be2 Bxc3 13. Rxc3 Nfe4 14. Rc1 Qb6 15. Qd4 Ne6 16. Qxb6 axb6 17. Bb5 Nxf4 18. exf4 Red8 19. Ne5 Be6 20. a3 Nc5 21. Rfd1 d4 22. Bc4 Rac8 23. Bxe6 Nxe6 24. Rxc8 Rxc8 25. f5 Nc5 26. Rxd4 f6 27. Nf3 Nd3 28. g3 Nxb2 29. Rd7 Rc3 30. Kg2 Nc4 31. Rxb7 Rd3 32. a4 Rd6 33. h3 Na5 34. Rc7 Nc6 35. Rb7 Na5 36. Rb8+ Kf7 37. g4 Nb3 38. Rh8 Nc5 39. Rxh7 Kg8 40. Rh5 Nxa4 41. Nh4 Rd8 42. Ng6 Kf7 43. Nh8+ Ke7 44. Rh7 Rg8 45. h4 b5 46. h5 Kd6 47. h6 gxh6 48. Nf7+ Kd5 49. Nxh6 Rb8 50. Rd7+ Kc6 51. Rd1 b4 52. f4 b3 53. g5 b2 54. g6 Nc3 55. Re1 Ne2 56. Rb1 Nc3 57. Re1 Ne2 58. Rb1 Nc3 1/2-1/2

[Event "Catalunya-chT Gp2"]
[Site "Barcelona"]
[Date "2023.01.21"]
[Round "?"]
[White "Demidov, Mikhail"]
[Black "Campos Moreno, Javier B"]
[Result "1-0"]
[WhiteElo "2568"]
[BlackElo "2421"]
[PlyCount "45"]
[EventDate "2023.01.21"]
[EventType "team-tourn"]
[EventRounds "7"]
[EventCountry "ESP"]
[SourceTitle "CBM 212 Extra"]
[Source "ChessBase"]
[SourceDate "2023.03.31"]
[SourceVersion "1"]
[SourceVersionDate "2023.03.31"]
[SourceQuality "1"]
[WhiteTeam "Platja D'Aro"]
[BlackTeam "Figueres"]
[WhiteTeamCountry "ESP"]
[BlackTeamCountry "ESP"]

1. Nf3 d5 2. d4 Nf6 3. c4 e6 4. Nc3 Bb4 5. e3 0-0 6. Bd2 b6 7. Rc1 Bb7 8. cxd5 exd5 9. Bd3 a6 10. Ne5 c5 11. 0-0 Nc6 12. a3 Bxc3 13. Bxc3 Rc8 14. Qe2 c4 15. Bb1 b5 16. f3 Qb6 17. Qe1 Rfe8 18. Kh1 Qc7 19. Nxc6 Bxc6 20. Rc2 Qe7 21. Re2 Nh5 22. Bb4 Qe6 23. g4 1-0

[Event "Figueres Mas op-A 23rd"]
[Site "Figueres"]
[Date "2022.08.14"]
[Round "4"]
[White "Rojas Keim, Luis Alberto"]
[Black "Campos Moreno, Javier B"]
[Result "1/2-1/2"]
[WhiteElo "2375"]
[BlackElo "2427"]
[PlyCount "20"]
[EventDate "2022.08.11"]
[EventType "swiss"]
[EventRounds "9"]
[EventCountry "ESP"]
[SourceTitle "EXT 2023"]
[Source "ChessBase"]
[SourceDate "2022.10.05"]
[SourceVersion "1"]
[SourceVersionDate "2022.10.05"]
[SourceQuality "1"]

1. e4 e5 2. Nc3 Nf6 3. g3 d5 4. exd5 Nxd5 5. Bg2 Nxc3 6. bxc3 Bc5 7. Nf3 Nc6 8. 0-0 0-0 9. Re1 Bg4 10. Qe2 Bb6 1/2-1/2

[Event "Colonia de Sant Jordi 1st"]
[Site "Colonia de Sant Jordi"]
[Date "2022.06.07"]
[Round "5"]
[White "Cesar Maestre, Bernardo"]
[Black "Campos Moreno, Javier B"]
[Result "0-1"]
[WhiteElo "2356"]
[BlackElo "2415"]
[PlyCount "96"]
[EventDate "2022.06.03"]
[EventType "tourn"]
[EventRounds "9"]
[EventCountry "ESP"]
[EventCategory "3"]
[SourceTitle "CBM 208 Extra"]
[Source "ChessBase"]
[SourceDate "2022.07.31"]
[SourceVersion "1"]
[SourceVersionDate "2022.07.31"]
[SourceQuality "1"]

1. e4 c5 2. Nf3 Nc6 3. d4 cxd4 4. Nxd4 e5 5. Nb5 d6 6. c4 Be6 7. N1c3 a6 8. Na3 g6 9. Be2 Bg7 10. 0-0 Rc8 11. Be3 Nf6 12. f3 0-0 13. Qd2 Nd4 14. Bd3 Nd7 15. Ne2 Qb6 16. b3 Bh6 17. f4 Nxe2+ 18. Bxe2 Nc5 19. f5 Bxe3+ 20. Qxe3 Bd7 21. Kh1 Kh8 22. Qh6 Rg8 23. Bf3 Bc6 24. fxg6 Rxg6 25. Qh4 Rcg8 26. Nc2 Nd3 27. Rad1 Nf4 28. Qf2 Qxf2 29. Rxf2 f5 30. Ne3 fxe4 31. Be2 b5 32. Bf1 bxc4 33. bxc4 Rb8 34. Rfd2 Ba4 35. Ra1 Nd3 36. Bxd3 exd3 37. Rxd3 Rb2 38. Ra3 Bc6 39. Rg1 Re2 40. Rxa6 Be4 41. Ra3 h5 42. Rf1 h4 43. h3 Rg3 44. Rf6 Rexe3 45. Rxe3 Rxe3 46. Rxd6 Kg7 47. Rd2 Rxh3+ 48. Kg1 Rc3 0-1

[Event "Colonia de Sant Jordi 1st"]
[Site "Colonia de Sant Jordi"]
[Date "2022.06.04"]
[Round "2"]
[White "Campos Moreno, Javier B"]
[Black "Risting, Eivind Olav"]
[Result "1/2-1/2"]
[WhiteElo "2415"]
[BlackElo "2331"]
[PlyCount "115"]
[EventDate "2022.06.03"]
[EventType "tourn"]
[EventRounds "9"]
[EventCountry "ESP"]
[EventCategory "3"]
[SourceTitle "CBM 208 Extra"]
[Source "ChessBase"]
[SourceDate "2022.07.31"]
[SourceVersion "1"]
[SourceVersionDate "2022.07.31"]
[SourceQuality "1"]

1. d4 f5 2. g3 Nf6 3. Bg2 g6 4. Nf3 Bg7 5. 0-0 0-0 6. c4 d6 7. Nc3 c6 8. d5 e5 9. dxe6 Bxe6 10. b3 Na6 11. Ng5 Bc8 12. Rb1 Qe7 13. b4 Bd7 14. Nf3 Ng4 15. Na4 Be6 16. b5 cxb5 17. cxb5 Nc5 18. Nxc5 dxc5 19. Qc2 Rac8 20. b6 a6 21. Ng5 Bf7 22. Bf4 Ne5 23. Rfd1 Kh8 24. Nxf7+ Rxf7 25. Bxe5 Bxe5 26. Qc4 f4 27. Bh3 Rcf8 28. Rd7 Qf6 29. Rxf7 Rxf7 30. gxf4 Qxf4 31. Qxf4 Rxf4 32. Bg2 Rb4 33. Rxb4 cxb4 34. Bxb7 Bd4 35. Bxa6 Bxb6 36. Kg2 g5 37. h4 h6 38. e3 Kg7 39. Kg3 Kg6 40. Bb5 Bc7+ 41. Kh3 Kf6 42. Kg4 Bd6 43. Bd3 Bc7 44. Bf1 Bd6 45. Kh5 Bh2 46. Kxh6 gxh4 47. f4 Bg1 48. e4 Be3 49. e5+ Kf5 50. Bh3+ Kxf4 51. e6 Ke5+ 52. Kg6 Bc5 53. Kf7 Kd4 54. e7 Bxe7 55. Kxe7 Kc3 56. Be6 Kb2 57. Kd6 h3 58. Bxh3 1/2-1/2

[Event "Catalunya-chT Gp2"]
[Site "Barcelona"]
[Date "2020.02.29"]
[Round "7.2"]
[White "Campos Moreno, Javier B"]
[Black "Oratovsky, Michael"]
[Result "1-0"]
[WhiteElo "2406"]
[BlackElo "2434"]
[PlyCount "75"]
[EventDate "2020.01.18"]
[EventType "team-tourn"]
[EventRounds "7"]
[EventCountry "ESP"]
[SourceTitle "CBM 195 Extra"]
[Source "ChessBase"]
[SourceDate "2020.05.31"]
[SourceVersion "1"]
[SourceVersionDate "2020.05.31"]
[SourceQuality "1"]
[WhiteTeam "Figueres"]
[BlackTeam "Salauris"]
[WhiteTeamCountry "ESP"]
[BlackTeamCountry "ESP"]

1. d4 d6 2. c4 e5 3. Nc3 exd4 4. Qxd4 Nc6 5. Qd2 Nf6 6. b3 a5 7. e4 a4 8. Rb1 axb3 9. axb3 g6 10. Bd3 Bg7 11. Nge2 0-0 12. 0-0 Nb4 13. Nd5 Nfxd5 14. cxd5 Nxd3 15. Qxd3 f5 16. Bb2 fxe4 17. Qe3 Bf5 18. Bxg7 Kxg7 19. Rbc1 Rf7 20. h3 Qf6 21. g4 Bc8 22. Ng3 Qe5 23. Nxe4 Ra2 24. Rfe1 h6 25. Qc3 Qxc3 26. Rxc3 Re7 27. Rec1 Re2 28. Rxc7 R2xe4 29. Rxe7+ Rxe7 30. Rxc8 Kf6 31. Kg2 h5 32. f4 Re3 33. g5+ Kf5 34. Rf8+ Ke4 35. f5 Rf3 36. Re8+ Kf4 37. f6 Rg3+ 38. Kh2 1-0

[Event "Catalunya-chT Gp2"]
[Site "Barcelona"]
[Date "2020.02.08"]
[Round "4.1"]
[White "Campos Moreno, Javier B"]
[Black "Tarriba Martinez, Lopez Gabriel"]
[Result "0-1"]
[WhiteElo "2406"]
[BlackElo "1935"]
[PlyCount "56"]
[EventDate "2020.01.18"]
[EventType "team-tourn"]
[EventRounds "7"]
[EventCountry "ESP"]
[SourceTitle "CBM 194 Extra"]
[Source "ChessBase"]
[SourceDate "2020.03.31"]
[SourceVersion "1"]
[SourceVersionDate "2020.03.31"]
[SourceQuality "1"]
[WhiteTeam "Figueres"]
[BlackTeam "Barbera"]
[WhiteTeamCountry "ESP"]
[BlackTeamCountry "ESP"]

1. d4 Nf6 2. c4 e6 3. Nf3 d5 4. Nc3 dxc4 5. e4 Bb4 6. Bg5 b5 7. a4 c6 8. Be2 Qb6 9. Qc2 Nbd7 10. 0-0 Bb7 11. e5 Nd5 12. Ne4 a6 13. Rfc1 0-0 14. b3 c3 15. Bd3 h6 16. Be3 c5 17. Qe2 Nxe3 18. fxe3 cxd4 19. exd4 f5 20. exf6 Nxf6 21. axb5 axb5 22. Rxa8 Bxa8 23. Nxf6+ Rxf6 24. Bxb5 Bxf3 25. gxf3 Qxd4+ 26. Kh1 Qd2 27. Rc2 Qxe2 28. Bxe2 Rf5 0-1